000 00968nam0a2200277 4500
001 RU\NLR\bibl\837860
005 20250614144116.0
010 _a5-7833-0472-7
_950000
021 _aRU
_b2005-45874
_92256
035 _a(NLR Aleph) 000826691
090 _a1334987
_c1334987
100 _a20050907d2005 |||y0rusy50 ca
101 0 _arus
102 _aRU
105 _aa |||||||||
200 1 _aТеремок
_e[для младшего школьного возраста]
_f[худ. Н. Гриченкова]
210 _aМосква
_cФламинго
_cФолиант Пресс
_d2005
215 _a[14] c.
_cцв. ил.
_d22
225 1 _aЧитаем по слогам
606 1 _aРусский язык
_jХрестоматии для начальной школы
_91533567
_3RU\NLR\auth\66969347
686 _aШ141.12-922.1[1]хрест
801 0 _aRU
_bNLR
_c20050907
_grcr
801 1 _aRU
_bNLR
_c20050907
942 _cBOOK
980 _aNB